00432nam a2200121Ia 4500008004100000100002200041245010000063245005900163260000900222300000900231650001300240856005700253170221s9999 xx 000 0 und d aEmmanuel I. Akpan aEntrepreneurship Education Policy: An Intervention Strategy For Economic Development In Nigeria cEmmanuel I. Akpan, Sunday A. Effiong, Augustine A. Ele c2013 a12 : xBusiness uhttp://www.scienpress.com/Upload/BEJ/Vol%201_1_6.pdf